|
|
|
|
| LEADER |
00000nam0a2200000 4500 |
| 001 |
94819 |
| 005 |
20231031105816.0 |
| 035 |
|
|
|a (RuTPU)RU\TPU\book\101569
|
| 090 |
|
|
|a 94819
|
| 100 |
|
|
|a 20060415d1972 m y0rusy50 ca
|
| 101 |
0 |
|
|a rus
|
| 102 |
|
|
|a RU
|
| 105 |
|
|
|a a j 000zy
|
| 200 |
1 |
|
|a Потенциометрические методы анализа
|e учебное пособие
|f Н. Г. Комолова, Ю. М. Иванов, Е. А. Островидов
|g Ленинградский технологический институт
|
| 210 |
|
|
|a Ленинград
|c [Б. и.]
|d 1972
|
| 215 |
|
|
|a 45 с.
|c ил.
|
| 610 |
1 |
|
|a потенциометрический анализ
|
| 610 |
1 |
|
|a потенциометрия
|
| 610 |
1 |
|
|a потенциометрическое титрование
|
| 610 |
1 |
|
|a кулоностатистические методы
|
| 610 |
1 |
|
|a потенциометрический метод
|
| 610 |
1 |
|
|a учебные пособия
|
| 675 |
|
|
|a 545.3(075.8)
|v 3
|
| 700 |
|
1 |
|a Комолова
|b Н. Г.
|
| 701 |
|
1 |
|a Иванов
|b Ю. М.
|
| 701 |
|
1 |
|a Островидов
|b Е. А.
|
| 712 |
0 |
2 |
|a Ленинградский технологический институт им. Ленсовета
|2 stltpush
|3 (RuTPU)RU\TPU\col\1462
|
| 801 |
|
1 |
|a RU
|b 63413507
|c 20060415
|g PSBO
|
| 801 |
|
2 |
|a RU
|b 63413507
|c 20161019
|g PSBO
|
| 942 |
|
|
|c BK
|